Everton F.C. Transfer Record - Statistics

General Stats
  • This quiz has been taken 1,509 times
    101 since last reset
  • The average score is 14 of 24
Answer Stats
Fee Signed From Player % Correct
£45M Swansea City Gylfi Sigurðsson
87%
£40M Watford Richarlison
85%
£25.3M Juventus Moise Kean
71%
£25M Sunderland Jordan Pickford
70%
£34M Arsenal Alex Iwobi
67%
£28M Chelsea Romelu Lukaku
67%
£22M Barcelona André Gomes
63%
£25.8M Udinese Beto
61%
Villarreal Thierno Barry
61%
£35M Southampton Tyler Dibling
61%
£27M Beşiktaş Cenk Tosun
59%
£25M Burnley Michael Keane
59%
£33M Lille Amadou Onana
58%
Burnley Dwight McNeil
54%
£28M Barcelona Yerry Mina
54%
£23.6M Ajax Davy Klaassen
53%
£25M Chelsea Kiernan Dewsbury-Hall
52%
Arsenal Theo Walcott
52%
£20M Watford Abdoulaye Doucouré
49%
£21.7M Napoli Allan
46%
Norwich City Ben Godfrey
41%
£24M Manchester United Morgan Schneiderlin
39%
£25M Mainz 05 Jean-Philippe Gbamin
35%
Crystal Palace Yannick Bolasie
30%
No matching quizzes found
Score Distribution
Percent of People with Each Score
Percentile by Number Answered
Your Score History
You have not taken this quiz since the last reset